Piłkarz według podpowiedzi #3 - Trudny - Statystyki

Ogólne statystyki
  • Ten quiz został rozwiązany 79 razy
  • Średni wynik to 6 z 15
Statystyki odpowiedzi
Hint Odpowiedź % Poprawnych
Holandia, Obrońca, Manchester City Ake
75%
Chorwacja, Chelsea Kovacic
71%
Szwecja, Real Sociedad Isak
62%
Argentyna, Atalanta, Tottenham, Obrońca Romero
62%
Bramkarz, Karny na Euro 2012, Polska Tytoń
62%
Argentyna, Benfica, Obrońca Otamendi
60%
Egipt, Arsenal Elneny
49%
Szwajcaria, Juventus Zakaria
44%
Hiszpania, Valencia, Pomocnik Soler
34%
Dania, FC Barcelona Braithwaite
32%
Rumunia, Lazio Rzym, Obrońca Radu
31%
Algieria, Napastnik, Sporting Slimani
24%
Brazylia, Flamengo, Napastnik Gabriel Barbosa
19%
Włochy, Napastnik, Sampdoria Quagliarella
18%
Obrońca, Włochy, Juventus, Roma Spinazzola
7%
Nie znaleziono quizów pasujących do podanych kryteriów
Rozkład punktacji
Procent ludzi z każdym wynikiem
Percentyl według liczby udzielonych odpowiedzi
Twoja historia wyników
Nie rozwiązałeś tego quizu